000 00557nam a22001817a 4500
005 20170718163344.0
010 _aENG-119362
020 _a9788123779515
_c140.00
035 _aEN-102894
037 _bDBAD/PUB
082 _a575.7
100 _aHaque,M.A.
245 _aExtinctions no come backs /
_cby M.A.Haque
260 _bNational Book Trust
_c2016
_aNew Delhi
270 _aNehru bhawan, 5 institutional area, phase-II vasant kunj
_bNew Delhi
_e110070
300 _aviii,153p.:
_c22cm(pbk)
_bill.
942 _2ddc
_cEN
_h575.7
_mHAQ
999 _c142674
_d142674